00735nam a22001937a 450000500170000000800410001702000180005804000270007604100080010304400070011108200180011810000390013624501530017526000800032830000240040865000260043265000550045865000280051320191224042317.0161229b xxu||||| |||| 00| 0 spa d a9789589365168 aCO-BoIAVH cCO-BoIAVH  aspa ack a306.364bT85s1 aRodríguez, Carlos AlbertoeAutor aSistemas agrícolas - chagras y seguridad alimentaria. bMonitoreos comunitarios para el manejo de los recursos naturales en la Amazonia Colombiana aBogotá (Colombia) :bFundación tropembos internacional Colombia,c2010. a55 Paginasc28 x 2116aSeguridad alimentaria16aConservación de los recursos naturaleszColombia16aComunidades indígenas